Vista normal
Vista MARC
Entrada Personal Name
Número de registros utilizados en: 1
001 - CONTROL NUMBER
- control field: 8305
003 - CONTROL NUMBER IDENTIFIER
- control field: Mx-PuUPA
005 - DATE AND TIME OF LATEST TRANSACTION
- control field: 20181022144944.0
008 - FIXED-LENGTH DATA ELEMENTS
- fixed length control field: 181022|| aca||aabn | a|a d
040 ## - CATALOGING SOURCE
- Original cataloging agency: DLC
- Language of cataloging: spa
- Transcribing agency: Mx-PuUPA
- Modifying agency: DLC
- Description conventions: rda
100 1# - HEADING--PERSONAL NAME
- Personal name: Kid, Cube
375 ## - GENDER
- Gender: hombre
377 ## - ASSOCIATED LANGUAGE
- Language code: spa
670 ## - SOURCE DATA FOUND
- Source citation: Diario de un Aldeano desafortunado, 2016:
- Information found: portada (Cube Kid)